00524 2200193 4500001002100000005001500021035002000036007000300056008004100059020001800100082000800118084001400126100002100140245003700161260006800198300003100266650002000297990001300317INLIS00000000000112420230414074758 a0010-0423000062ta230414 g f ind  a979-22-1053-9 a813 a813 GIS c0 aGisantia Bestari1 aCinta Adisty /cGisantia Bestari aJakarta :bPerpustakaan Nasional: Katalog Dalam Terbitan,c2004 a288 hlm. :bIlus ;c20 cm. 4aFiksi Indonesia a01330133